000 00769pam a2200229 a 4500
001 4944168
005 20180315092900.0
008 960422s1997 ilua b 001 0 eng
010 _a 96022372
020 _a0256192685
040 _aDLC
_cDLC
_dDLC
041 _aeng
080 _a658.4 JAM
082 0 0 _a658.4 JAM
_220
100 1 _a52
101 _aBNJ
245 1 0 _aOrganizations :
_cJames L. Gibson, John M. Ivancevich, James H. Donnelly, Jr.
504 _aIncludes bibliographical references (p. [494]-524) and indexes.
906 _a7
_bcbc
_corignew
_d1
_eocip
_f19
_gy-gencatlg
942 _2ddc
_cBK
999 _c45169
_d45169